000 00870nas a2200277 4500
001 BR0304799
003 BR-BrBNA
005 20231205104121.0
007 ta
008 230509b bl.|||p| |||| 00| 00por d
040 _aBR-BrBNA
_bpor
_cBiblioteca Nacional de Agricultura
041 _a(En)
072 _aF30
100 1 _aAraújo, E.S.N.N. de
100 1 _aGimenes, M.A.
100 1 _aLopes, C.R.
245 1 _aPhylogenetic relationships among genera Eucalyptus and Corymbia species based on rnDNA internal transcribed spacers sequences
650 _aEUCALIPTO
650 _aGENÉTICA VEGETAL
650 _aTAXONOMIA VEGETAL
650 _aPROGRAMA DE COMPUTADOR
650 _aDNA
773 0 _tScientia Forestalis (Brazil)
_xISSN 1413-9324
_g(Dec 2002), (no. 62) p. 75-85
_wBR0304799
909 _a202311
_bLúcia
_c55
_dLúcia Elande
942 _2AGRIS
_n0
_cANA
999 _c176456
_d176456